000 00680cam a22002417a 4500
001 sjds603374
003 sjds
005 20170606101836.0
008 910315s1990 maua 000 0 spa
010 _a 91129658
020 _a0395512360 (pbk.)
040 _aDLC
_cDLC
_dDLC
041 _aspa
050 0 0 _aMLCM 94/01611 (P)
100 1 _aBennett, Jill.
240 1 0 _aTeeny tiny.
_lSpanish
245 1 2 _aLa mujer chiquitita /
_cJill Bennett y Tomie dePaola.
260 _aBoston :
_bHoughton Mifflin Co.,
_cc1990.
300 _a32 p. :
_bcol. ill. ;
_c23 cm.
700 1 _aDePaola, Tomie,
_d1934-
942 _cBK
999 _c17357
_d17357